Sevilla FC Squad 2024-2025 - Statistics

General Stats
  • This quiz has been taken 220 times
    47 since last reset
  • The average score is 18 of 29
Answer Stats
# Position Nation Player % Correct
5 FW Switzerland Rubén Vargas
85%
6 DF Serbia Nemanja Gudelj
81%
1 GK Spain Álvaro Fernández
77%
20 MF Switzerland Djibril Sow
77%
11 FW Belgium Dodi Lukébakio
77%
16 DF Spain Jesús Navas
77%
13 GK Norway Ørjan Nyland
77%
15 DF Argentina Gonzalo Montiel
73%
22 DF France Loïc Badé
73%
14 FW Spain Peque Fernández
73%
21 FW Nigeria Chidera Ejuke
69%
26 DF Spain Juanlu Sánchez
69%
23 DF Brazil Marcão
69%
2 DF Spain José Ángel Carmona
65%
9 FW Nigeria Kelechi Iheanacho
65%
4 DF Spain Kike Salas
65%
18 MF France Lucien Agoumé
65%
10 FW Spain Suso
65%
3 DF Spain Adrià Pedrosa
62%
12 MF Belgium Albert Sambi Lokonga
62%
7 FW Spain Isaac Romero
62%
15 FW Nigeria Akor Adams
58%
24 DF France Tanguy Nianzou
54%
17 MF Spain Saúl Ñíguez
50%
- Coach Spain Xavier García Pimienta
50%
- Coach Spain Joaquín Caparrós
46%
27 MF Belgium Stanis Idumbo
38%
19 DF Argentina Valentín Barco
35%
8 MF Spain Pedro Ortiz
23%
No matching quizzes found
Score Distribution
Percent of People with Each Score
Percentile by Number Answered
Your Score History
You have not taken this quiz since the last reset